| 000 | 00594nam a2200205 i 4500 | ||
|---|---|---|---|
| 001 | 77482 | ||
| 003 | ES-MaACL | ||
| 005 | 20250821063030.0 | ||
| 007 | t| | ||
| 008 | 041019s2003 sp ||||1| spa d | ||
| 020 | _a84-249-2386-3 | ||
| 080 | _a811.134.2'271 | ||
| 100 | 1 |
_aGarcía Yebra, Valentín, _d1917-2010 _955453 |
|
| 245 | 1 | 3 |
_aEl buen uso de las palabras / _cValentín García Yebra. |
| 260 |
_aMadrid : _bGredos, _c[2003] |
||
| 300 |
_a467 p. ; _c25 cm. |
||
| 650 | 1 | 4 |
_aLengua española- _xUso. _914192 |
| 852 |
_aES-MaACL _jL-28279 _bR.134267 |
||
| 999 |
_c77482 _d77482 |
||